Digital Inclusion and Inequality in the Visegrad Group

Saved in:
Bibliographic Details
Main Author: Janikovičová, Sabina, 2000-
Other Authors: Pollák, František, 1985-
Format: Book Chapter
Language:English
Subjects:
Tags: Add Tag
No Tags, Be the first to tag this record!

MARC

LEADER 00000naa$a2200000$$$4500
001 0314371
005 20260128135148.8
041 0 |a eng 
044 |a SK 
245 1 0 |a Digital Inclusion and Inequality in the Visegrad Group  |c Sabina Janikovičová, František Pollák 
610 2 0 |a ekonómia 
610 2 0 |a manažment 
610 2 0 |a podnikanie 
610 2 0 |a digitalizácia 
610 2 0 |a financie 
100 1 |a Janikovičová, Sabina, 2000- 
700 1 |a Pollák, František, 1985-